[Event "SR 2. liga A 2010/2011"]
[Site "?"]
[Date "2010.10.24"]
[Round "9.6"]
[White "Mydlarik, Martin"]
[Black "Merva, Frantisek"]
[Result "1/2-1/2"]
[WhiteElo "2136"]
[BlackElo "2038"]
[PlyCount "91"]
[EventDate "2010.??.??"]
[WhiteTeam "Slovakia"]
[BlackTeam "II"]
[WhiteTeamCountry "SVK"]
[BlackTeamCountry "SVK"]

1. d4 e6 2. e4 d5 3. Nd2 dxe4 4. Nxe4 Nf6 5. Nxf6+ Qxf6 6. Nf3 h6 7. Bd3 Bd6 8.
O-O O-O 9. Qe2 Nc6 10. Qe4 Re8 11. c3 Bd7 12. Re1 e5 13. Bd2 g6 14. d5 Ne7 15.
Bxh6 Bf5 16. Qe2 Nxd5 17. Bxf5 Qxf5 18. Nd2 g5 19. Qh5 f6 20. g3 Qh7 21. Ne4
Bf8 22. Rad1 Qxh6 23. Qxh6 Bxh6 24. Rxd5 Kf7 25. g4 Rad8 26. Red1 Rxd5 27. Rxd5
Bf8 28. Rd7+ Re7 29. Rd8 b6 30. Kg2 Bg7 31. Ng3 Re8 32. Rd7+ Re7 33. Rd2 Ke6
34. Nf5 Rf7 35. Rd8 Bf8 36. Kf3 Bd6 37. Rh8 Kd5 38. Ne3+ Ke6 39. b4 c5 40. b5
c4 41. Ke4 Bc5 42. Re8+ Kd7 43. Ra8 Ke6 44. Re8+ Kd7 45. Rh8 Ke6 46. a4 1/2-1/2

[Event "SR 2. liga A 2010/2011"]
[Site "?"]
[Date "2010.10.24"]
[Round "9.7"]
[White "Kolesar, Rastislav"]
[Black "Mruskovic, Radoslav"]
[Result "1/2-1/2"]
[WhiteElo "1999"]
[BlackElo "1962"]
[PlyCount "23"]
[EventDate "2010.??.??"]
[WhiteTeam "Slovakia"]
[BlackTeam "II"]
[WhiteTeamCountry "SVK"]
[BlackTeamCountry "SVK"]

1. e4 g6 2. d4 Bg7 3. Nf3 d6 4. c3 Nf6 5. Bd3 O-O 6. O-O Bg4 7. h3 Bxf3 8. Qxf3
Nc6 9. Bg5 h6 10. Be3 e5 11. d5 Nb8 12. Nd2 1/2-1/2

[Event "SR 2. liga A 2010/2011"]
[Site "?"]
[Date "2010.10.24"]
[Round "9.8"]
[White "Kundrak, Vladimir"]
[Black "Takacs, Laszlo"]
[Result "1/2-1/2"]
[WhiteElo "1961"]
[BlackElo "1921"]
[PlyCount "65"]
[EventDate "2010.??.??"]
[WhiteTeam "Slovakia"]
[BlackTeam "II"]
[WhiteTeamCountry "SVK"]
[BlackTeamCountry "SVK"]

1. e4 c5 2. Nf3 e6 3. d3 d5 4. Nbd2 Nc6 5. g3 Nf6 6. Bg2 Be7 7. O-O O-O 8. Re1
Qc7 9. Qe2 Re8 10. e5 Nd7 11. Nf1 f6 12. Bh3 Ndxe5 13. Nxe5 fxe5 14. c3 Bd7 15.
Ne3 Rf8 16. Ng4 Bd6 17. a4 Rf7 18. Bg5 Raf8 19. Rad1 d4 20. Rd2 Rf5 21. Nh6+
gxh6 22. Bxh6 Ne7 23. Bxf5 Rxf5 24. Qg4+ Ng6 25. h4 Bc6 26. Re4 Bxe4 27. dxe4
Rf6 28. Bg5 Rf7 29. h5 Be7 30. hxg6 hxg6 31. Bxe7 Qxe7 32. Qxg6+ Rg7 33. Qh5
1/2-1/2

[Event "SR 2. liga A 2010/2011"]
[Site "?"]
[Date "2010.10.24"]
[Round "10.1"]
[White "Pagerka, Martin"]
[Black "Petreje, Juraj"]
[Result "0-1"]
[WhiteElo "2263"]
[BlackElo "2228"]
[PlyCount "130"]
[EventDate "2010.??.??"]
[WhiteTeam "Slovakia"]
[BlackTeam "II"]
[WhiteTeamCountry "SVK"]
[BlackTeamCountry "SVK"]

1. Nf3 c5 2. c4 Nf6 3. Nc3 g6 4. g3 Bg7 5. Bg2 O-O 6. O-O d5 7. cxd5 Nxd5 8.
Ng5 Nc7 9. Nge4 Nba6 10. d3 Ne6 11. Be3 Nd4 12. Rc1 Bd7 13. Nd2 Bc6 14. Bxc6
Nxc6 15. Qb3 b6 16. Qa4 Nab8 17. Qe4 Qd7 18. Bg5 h6 19. Be3 Kh7 20. b4 f5 21.
Qg2 e5 22. b5 f4 23. bxc6 Nxc6 24. Nde4 fxe3 25. fxe3 Rad8 26. Rxf8 Rxf8 27.
Rf1 Rxf1+ 28. Qxf1 Qe6 29. Qd1 Na5 30. Qb1 Bf8 31. Nd5 Be7 32. Nec3 Bd8 33. e4
h5 34. Qf1 Kg7 35. h3 a6 36. Kg2 b5 37. Qf3 Qc6 38. Nd1 Qd6 39. N1e3 c4 40. g4
cxd3 41. exd3 h4 42. g5 Bxg5 43. Ng4 Be7 44. Nxe7 Qxe7 45. Qe3 Nc6 46. Qh6+ Kf7
47. Qh7+ Kf8 48. Qxg6 Nb4 49. Qf5+ Kg7 50. Nxe5 Nxa2 51. Qg4+ Kf6 52. Nf3 Qg7
53. e5+ Kf7 54. Ng5+ Ke7 55. Qe6+ Kd8 56. Qg4 Qd7 57. Qxh4 Kc7 58. Qg3 Nb4 59.
Ne4 Qxd3 60. Qg7+ Kb6 61. Qf6+ Ka5 62. Nd6 Qd2+ 63. Kg3 Nc2 64. Nf7 Qd4 65. h4
{biely prehral na cas} b4 0-1

[Event "SR 2. liga A 2010/2011"]
[Site "?"]
[Date "2010.10.24"]
[Round "10.2"]
[White "Bronis, Marian"]
[Black "Cajka, Tibor"]
[Result "0-1"]
[WhiteElo "2136"]
[BlackElo "2111"]
[PlyCount "64"]
[EventDate "2010.??.??"]
[WhiteTeam "Slovakia"]
[BlackTeam "II"]
[WhiteTeamCountry "SVK"]
[BlackTeamCountry "SVK"]

1. d4 Nf6 2. c4 c5 3. d5 b5 4. cxb5 a6 5. b6 Qxb6 6. Nc3 e6 7. e4 exd5 8. exd5
Be7 9. a4 Bb7 10. a5 Qc7 11. Bc4 O-O 12. Nge2 d6 13. O-O Nbd7 14. f4 Rfe8 15.
Ng3 Bf8 16. Qd3 g6 17. Bd2 Bg7 18. h3 Qb8 19. Ra3 Qa7 20. Rb3 Rab8 21. Kh2 Qa8
22. Rd1 Bc8 23. Rxb8 Nxb8 24. Nce4 Nxe4 25. Nxe4 Bf5 26. Re1 Nd7 27. b3 Rxe4
28. Rxe4 Nf6 29. Bxa6 Bxe4 30. Qb5 Bxd5 31. Qb6 Bxg2 32. Qxd6 Bxh3 0-1

[Event "SR 2. liga A 2010/2011"]
[Site "?"]
[Date "2010.10.24"]
[Round "10.3"]
[White "Bury, Rastislav"]
[Black "Biro, Karol"]
[Result "0-1"]
[WhiteElo "2187"]
[BlackElo "2132"]
[PlyCount "76"]
[EventDate "2010.??.??"]
[WhiteTeam "Slovakia"]
[BlackTeam "II"]
[WhiteTeamCountry "SVK"]
[BlackTeamCountry "SVK"]

1. d4 Nf6 2. c4 e6 3. Nc3 d5 4. Bg5 Be7 5. e3 O-O 6. Nf3 a6 7. Rc1 Nbd7 8. cxd5
exd5 9. Be2 c6 10. O-O Re8 11. a3 Bd6 12. b4 Nf8 13. Qc2 Bg4 14. Bd3 Ng6 15.
Nh4 h6 16. Bxf6 Qxf6 17. Nxg6 fxg6 18. Bxg6 Qh4 19. g3 Qh3 20. f3 Rxe3 21. fxg4
Bxg3 22. Bf7+ Kh8 23. Qg2 Qxg4 24. Kh1 Qh4 25. h3 Bf4 26. Rxf4 Qxf4 27. Rf1 Qh4
28. Ne2 Rxh3+ 29. Kg1 g5 30. Rf3 Rxf3 31. Qxf3 Kg7 32. Ng3 Qxd4+ 33. Kg2 Qb2+
34. Kh3 g4+ 35. Kxg4 Kh8 36. Nh5 Rf8 37. Kh3 Qe5 38. Kg2 Qe4 0-1

[Event "SR 2. liga A 2010/2011"]
[Site "?"]
[Date "2010.10.24"]
[Round "10.4"]
[White "Mandak, Miroslav"]
[Black "Polasek, Filip"]
[Result "0-1"]
[WhiteElo "2069"]
[BlackElo "2113"]
[PlyCount "86"]
[EventDate "2010.??.??"]
[WhiteTeam "Slovakia"]
[BlackTeam "II"]
[WhiteTeamCountry "SVK"]
[BlackTeamCountry "SVK"]

1. c4 e6 2. Nf3 d5 3. e3 c5 4. Be2 d4 5. d3 Nc6 6. O-O Bd6 7. exd4 cxd4 8. a3
a5 9. b3 Nge7 10. Bb2 e5 11. Nbd2 f5 12. Rc1 b6 13. Ne1 O-O 14. Bf3 Ra7 15. Nc2
Bb7 16. Re1 Qb8 17. g3 Rf6 18. Rb1 Qf8 19. Bc1 Ng6 20. Bd5+ Kh8 21. Nf3 Nd8 22.
Bxb7 Nxb7 23. b4 f4 24. Rf1 axb4 25. Nxb4 Bxb4 26. axb4 Nd6 27. g4 Qc8 28. h3
h5 29. Ng5 Nf7 30. Ne4 Rc6 31. f3 Nh6 32. Qe2 Nh4 33. Rb2 hxg4 34. hxg4 Rg6 35.
Nf2 N6f5 36. Ne4 Ne3 37. Bxe3 dxe3 38. Qe1 Nxf3+ 39. Rxf3 Qxg4+ 40. Rg3 fxg3
41. Qxe3 g2 42. Qe1 Rf7 43. Nf2 Qg3 0-1

[Event "SR 2. liga A 2010/2011"]
[Site "?"]
[Date "2010.10.24"]
[Round "10.5"]
[White "Pericka, Tomas"]
[Black "Kebis, Milos"]
[Result "0-1"]
[WhiteElo "1966"]
[BlackElo "1994"]
[PlyCount "90"]
[EventDate "2010.??.??"]
[WhiteTeam "Slovakia"]
[BlackTeam "II"]
[WhiteTeamCountry "SVK"]
[BlackTeamCountry "SVK"]

1. e4 c5 2. Nf3 g6 3. d4 cxd4 4. Nxd4 Bg7 5. c4 d6 6. Nc3 Nf6 7. Be2 O-O 8. O-O
Nbd7 9. Be3 Ne5 10. h3 Bd7 11. Rc1 a6 12. b3 Rc8 13. f4 Nc6 14. Nf3 Nh5 15. Kh2
Nb8 16. Nd5 Bc6 17. Nd4 Nf6 18. Bg4 Nbd7 19. Bxd7 Nxd7 20. f5 Bxd5 21. exd5 Nf6
22. fxg6 hxg6 23. Qe2 Nh5 24. Nf3 Qd7 25. Rce1 Rce8 26. Bg5 e5 27. dxe6 Rxe6
28. Qd2 Rfe8 29. Rxe6 Rxe6 30. Bh6 Bf6 31. Bg5 Qe7 32. Bxf6 Qxf6 33. Qh6 Re2
34. Qg5 Qxg5 35. Nxg5 f6 36. Nf3 Nf4 37. Ne1 g5 38. h4 Rxa2 39. hxg5 fxg5 40.
Kg3 Kg7 41. Kg4 Kg6 42. g3 Nh5 43. Nd3 Rd2 44. Nb4 Nf6+ 45. Kh3 g4+ 0-1

[Event "SR 2. liga A 2010/2011"]
[Site "?"]
[Date "2010.10.24"]
[Round "10.6"]
[White "Povysil, Peter"]
[Black "Jozefek, Michal"]
[Result "1-0"]
[WhiteElo "2012"]
[BlackElo "1899"]
[PlyCount "99"]
[EventDate "2010.??.??"]
[WhiteTeam "Slovakia"]
[BlackTeam "II"]
[WhiteTeamCountry "SVK"]
[BlackTeamCountry "SVK"]

1. e4 c5 2. Nf3 d6 3. Bb5+ Bd7 4. Bxd7+ Qxd7 5. c4 Nc6 6. Nc3 g6 7. d4 cxd4 8.
Nxd4 Bg7 9. Be3 Nf6 10. f3 Rb8 11. Rc1 O-O 12. b3 Qd8 13. Qd2 Qa5 14. O-O Rfe8
15. Rfd1 a6 16. Qf2 Ne5 17. a4 Qc7 18. h3 Nc6 19. Nd5 Qd8 20. Nxc6 bxc6 21. Bb6
Qd7 22. Nxf6+ Bxf6 23. c5 Qe6 24. Qc2 Bg5 25. Rb1 Be3+ 26. Kh1 Bf4 27. Qd3 Qf6
28. cxd6 exd6 29. Bf2 a5 30. g3 Be5 31. Kg2 Re6 32. Rbc1 c5 33. Be1 h5 34. h4
g5 35. hxg5 Qxg5 36. Qd2 Qg7 37. Bf2 Bxg3 38. Bxg3 Rg6 39. Qf4 Qb2+ 40. Kh3
Qxb3 41. Qf5 Rd8 42. Rg1 Qe3 43. Rce1 Qd4 44. Qxh5 Kg7 45. Rd1 Qf6 46. Bh4 Qe6+
47. Qf5 Re8 48. Rxg6+ fxg6 49. Qxe6 Rxe6 50. Bg3 1-0

[Event "SR 2. liga A 2010/2011"]
[Site "?"]
[Date "2010.10.24"]
[Round "10.7"]
[White "Skapik, Branislav"]
[Black "Nepras, Martin"]
[Result "0-1"]
[WhiteElo "1887"]
[BlackElo "2008"]
[PlyCount "46"]
[EventDate "2010.??.??"]
[WhiteTeam "Slovakia"]
[BlackTeam "II"]
[WhiteTeamCountry "SVK"]
[BlackTeamCountry "SVK"]

1. e4 e6 2. d4 d5 3. Nd2 Nd7 4. c3 Be7 5. e5 c5 6. f4 Qb6 7. Ndf3 cxd4 8. Nxd4
Bc5 9. Ngf3 Ne7 10. b4 Bxd4 11. Nxd4 a5 12. a3 axb4 13. cxb4 Nc6 14. Be3 Rxa3
15. Rxa3 Qxb4+ 16. Qd2 Qxa3 17. Nb5 Qa1+ 18. Kf2 O-O 19. Rg1 Qa4 20. Be2 f6 21.
Nc7 d4 22. Nxe6 dxe3+ 23. Kxe3 Qb3+ 0-1

[Event "SR 2. liga A 2010/2011"]
[Site "?"]
[Date "2010.10.24"]
[Round "10.8"]
[White "Dolnak, Michal"]
[Black "Hanzluvka, Peter"]
[Result "1/2-1/2"]
[WhiteElo "1878"]
[BlackElo "1961"]
[PlyCount "90"]
[EventDate "2010.??.??"]
[WhiteTeam "Slovakia"]
[BlackTeam "II"]
[WhiteTeamCountry "SVK"]
[BlackTeamCountry "SVK"]

1. d4 Nf6 2. c4 d5 3. cxd5 Nxd5 4. e4 Nf6 5. Nc3 e6 6. Bg5 Be7 7. Nf3 h6 8. Bf4
a6 9. Rc1 b6 10. Bd3 Bb7 11. O-O O-O 12. Bb1 Nc6 13. e5 Nd5 14. Nxd5 Qxd5 15.
Qc2 g6 16. Bxh6 Nxd4 17. Qd3 Nxf3+ 18. Qxf3 Qxf3 19. gxf3 Rfc8 20. f4 c5 21.
Bg5 Kf8 22. Rfd1 Rd8 23. Kf1 Bd5 24. Ke2 Ra7 25. Ke3 Rad7 26. Rd2 c4 27. Bxe7+
Kxe7 28. Rcd1 Rh8 29. Be4 Rxh2 30. Bxd5 exd5 31. Rxd5 Rh3+ 32. Ke4 Rxd5 33.
Rxd5 c3 34. bxc3 Rxc3 35. Rd6 Rc4+ 36. Kf3 Rb4 37. a4 a5 38. Kg4 Rb2 39. Kg3
Rb3+ 40. Kg4 Rb4 41. Kg3 Rxa4 42. Rxb6 Rb4 43. Ra6 a4 44. Kg4 Rd4 45. Kg5 Rb4
1/2-1/2

[Event "SR 2. liga A 2010/2011"]
[Site "?"]
[Date "2010.10.24"]
[Round "11.1"]
[White "Seitler, Andrej"]
[Black "Kovac, Andrej"]
[Result "1-0"]
[WhiteElo "2233"]
[BlackElo "2132"]
[PlyCount "107"]
[EventDate "2010.??.??"]
[WhiteTeam "Slovakia"]
[BlackTeam "II"]
[WhiteTeamCountry "SVK"]
[BlackTeamCountry "SVK"]

1. d4 Nf6 2. Nf3 e6 3. Bg5 b6 4. Nbd2 Bb7 5. e3 Be7 6. Bd3 O-O 7. O-O c5 8. c3
d6 9. e4 Nbd7 10. Qe2 cxd4 11. cxd4 e5 12. Bxf6 Bxf6 13. d5 Rc8 14. Rac1 Nc5
15. b4 Nxd3 16. Qxd3 Bg5 17. a4 f5 18. exf5 Bxd2 19. Nxd2 Qg5 20. Nc4 Rxf5 21.
Nxd6 Rxc1 22. Nxf5 Rxf1+ 23. Kxf1 Qc1+ 24. Ke2 Qb2+ 25. Qd2 Qb3 26. f3 Qxa4 27.
Qg5 Qd7 28. d6 Kf8 29. Qxg7+ Qxg7 30. Nxg7 Bc8 31. Nh5 Kf7 32. Ng3 Ke6 33. Ne4
h6 34. Ke3 Bb7 35. g4 Bc6 36. h4 a5 37. bxa5 bxa5 38. Kd3 Bb5+ 39. Kd2 Bc4 40.
g5 hxg5 41. hxg5 Kd7 42. g6 Be6 43. g7 Bf7 44. Kc3 Kc6 45. Kb2 a4 46. Ka3 Bb3
47. d7 Kxd7 48. Nc5+ Ke7 49. Nxb3 Kf7 50. Kxa4 Kxg7 51. Kb4 Kf6 52. Kc4 Kf5 53.
Kd5 Kf4 54. Nd2 1-0

[Event "SR 2. liga A 2010/2011"]
[Site "?"]
[Date "2010.10.24"]
[Round "11.2"]
[White "Madar, Martin"]
[Black "Kundrik, Peter"]
[Result "0-1"]
[WhiteElo "2117"]
[BlackElo "2226"]
[PlyCount "104"]
[EventDate "2010.??.??"]
[WhiteTeam "Slovakia"]
[BlackTeam "II"]
[WhiteTeamCountry "SVK"]
[BlackTeamCountry "SVK"]

1. e4 e6 2. d3 c5 3. Nd2 Nc6 4. Ngf3 Nf6 5. g3 d5 6. Bg2 Be7 7. O-O O-O 8. Re1
b5 9. e5 Nd7 10. Qe2 Rb8 11. Nf1 a5 12. h4 h6 13. Bf4 b4 14. h5 Ba6 15. c3 bxc3
16. bxc3 Qb6 17. Reb1 Qc7 18. Qc2 a4 19. Ne3 Qa5 20. Ng4 Rxb1+ 21. Rxb1 Rb8 22.
Rxb8+ Ndxb8 23. Bxh6 gxh6 24. Nxh6+ Kg7 25. Nxf7 d4 26. Qd2 Kxf7 27. h6 Qd8 28.
Qf4+ Ke8 29. h7 Kd7 30. c4 Qh8 31. Qf7 Nxe5 32. Nxe5+ Qxe5 33. f4 Qh8 34. Bh3
Nc6 35. Bxe6+ Kd6 36. Bf5 Bb7 37. Qe6+ Kc7 38. g4 Bf6 39. g5 Bg7 40. Be4 Qd8
41. Qg8 Qe7 42. h8=Q Bxh8 43. Qxh8 Nd8 44. g6 Bxe4 45. g7 Bc6 46. g8=Q Qe1+ 47.
Kh2 Qf2+ 48. Kh3 Bd7+ 49. Qg4 Qf3+ 50. Kh2 Qxg4 51. Qe5+ Kb6 52. Qb8+ Nb7 0-1

[Event "SR 2. liga A 2010/2011"]
[Site "?"]
[Date "2010.10.24"]
[Round "11.3"]
[White "Abel, Peter"]
[Black "Hrivnak, Martin"]
[Result "1/2-1/2"]
[WhiteElo "2172"]
[BlackElo "2143"]
[PlyCount "94"]
[EventDate "2010.??.??"]
[WhiteTeam "Slovakia"]
[BlackTeam "II"]
[WhiteTeamCountry "SVK"]
[BlackTeamCountry "SVK"]

1. c4 e5 2. Nc3 Nf6 3. Nf3 d6 4. d4 Nbd7 5. g3 Be7 6. Bg2 O-O 7. b3 c6 8. O-O
Re8 9. e4 Qc7 10. h3 Bf8 11. d5 cxd5 12. Nxd5 Nxd5 13. Qxd5 Nc5 14. Ne1 Be6 15.
Qd1 Qd7 16. Kh2 b5 17. cxb5 Qxb5 18. Nc2 a5 19. Bd2 a4 20. b4 Nd7 21. Ne3 Nb6
22. Qf3 Rad8 23. Rfd1 d5 24. exd5 Nxd5 25. a3 Nxe3 26. Bxe3 Bb3 27. Qc6 Qb8 28.
Rxd8 Rxd8 29. Rc1 Qd6 30. Bb6 Qxc6 31. Rxc6 Re8 32. Rc7 e4 33. Bf1 Bd6 34. Rd7
Be5 35. Bc5 f5 36. Kg1 f4 37. gxf4 Bxf4 38. b5 Rc8 39. Bd4 Rc1 40. Kg2 Bd1 41.
Be3 Bf3+ 42. Kg1 Bxe3 43. fxe3 Be2 44. Kf2 Bxf1 45. b6 Ba6 46. Ra7 Bc8 47. Rxa4
Kf7 1/2-1/2

[Event "SR 2. liga A 2010/2011"]
[Site "?"]
[Date "2010.10.24"]
[Round "11.4"]
[White "Sebo, Viktor"]
[Black "Matulik, Daniel"]
[Result "1/2-1/2"]
[WhiteElo "1903"]
[BlackElo "2148"]
[PlyCount "32"]
[EventDate "2010.??.??"]
[WhiteTeam "Slovakia"]
[BlackTeam "II"]
[WhiteTeamCountry "SVK"]
[BlackTeamCountry "SVK"]

1. e4 c6 2. d4 d5 3. Nc3 dxe4 4. Nxe4 Bf5 5. Ng3 Bg6 6. h4 h6 7. h5 Bh7 8. Nf3
Nd7 9. Bd3 Bxd3 10. Qxd3 Qc7 11. Ne2 e6 12. Bf4 Bd6 13. Bxd6 Qxd6 14. O-O-O
Ngf6 15. Rh4 O-O-O 16. g4 Qe7 1/2-1/2

[Event "SR 2. liga A 2010/2011"]
[Site "?"]
[Date "2010.10.24"]
[Round "11.5"]
[White "Mihalik, Marek"]
[Black "Chovanec, Vladimir"]
[Result "1/2-1/2"]
[WhiteElo "2080"]
[BlackElo "2082"]
[PlyCount "84"]
[EventDate "2010.??.??"]
[WhiteTeam "Slovakia"]
[BlackTeam "II"]
[WhiteTeamCountry "SVK"]
[BlackTeamCountry "SVK"]

1. d4 Nf6 2. c4 g6 3. Nc3 Bg7 4. e4 d6 5. h3 O-O 6. Bg5 c5 7. d5 h6 8. Be3 Kh7
9. Bd3 Nbd7 10. Nf3 a6 11. O-O Rb8 12. Qc2 Qa5 13. a3 Qc7 14. Rab1 b6 15. b4
Bb7 16. Rb3 Ba8 17. Rfb1 Rfc8 18. b5 a5 19. g4 Rh8 20. g5 Nh5 21. gxh6 Bxh6 22.
Bxh6 Kxh6 23. Ne2 Rbg8 24. Nh2 Kg7 25. Ng4 Nhf6 26. Kg2 Nxg4 27. hxg4 Rh4 28.
Kg3 Rgh8 29. Ng1 e5 30. Bf1 Nf6 31. f3 Qd7 32. Bh3 Bb7 33. Qg2 Bc8 34. Kf2 Qd8
35. Rf1 Ng8 36. Ke1 Qg5 37. f4 Qe7 38. f5 Qg5 39. Rc3 Qd8 40. fxg6 fxg6 41.
Rcf3 Nh6 42. Rg3 Nf7 1/2-1/2

[Event "SR 2. liga A 2010/2011"]
[Site "?"]
[Date "2010.10.24"]
[Round "11.6"]
[White "Labar, Eduard"]
[Black "Stepanovic, Branislav"]
[Result "1/2-1/2"]
[WhiteElo "2002"]
[BlackElo "2011"]
[PlyCount "23"]
[EventDate "2010.??.??"]
[WhiteTeam "Slovakia"]
[BlackTeam "II"]
[WhiteTeamCountry "SVK"]
[BlackTeamCountry "SVK"]

1. d4 d5 2. Nf3 Nf6 3. Bf4 e6 4. Nbd2 c5 5. e3 Nc6 6. c3 Be7 7. h3 O-O 8. Bd3
b6 9. O-O Bb7 10. Rc1 Bd6 11. Bxd6 Qxd6 12. e4 1/2-1/2

[Event "SR 2. liga A 2010/2011"]
[Site "?"]
[Date "2010.10.24"]
[Round "11.8"]
[White "Koutny, Pavel"]
[Black "Strapko, Tomas"]
[Result "0-1"]
[WhiteElo "1834"]
[BlackElo "1892"]
[PlyCount "70"]
[EventDate "2010.??.??"]
[WhiteTeam "Slovakia"]
[BlackTeam "II"]
[WhiteTeamCountry "SVK"]
[BlackTeamCountry "SVK"]

1. e4 c5 2. Nc3 Nc6 3. g3 Nf6 4. Bg2 e6 5. Nf3 d5 6. exd5 exd5 7. d4 Be6 8. O-O
h6 9. Re1 Be7 10. dxc5 Bxc5 11. Bh3 O-O 12. Bxe6 fxe6 13. Rxe6 Ne4 14. Kg2 Nxf2
15. Qxd5 Qxd5 16. Nxd5 Rxf3 17. Kxf3 Nd4+ 18. Kg2 Nxe6 19. b4 Bd4 20. c3 Be5
21. Kxf2 Rd8 22. Nf4 Nxf4 23. Bxf4 Bxc3 24. Rb1 Rd4 25. b5 Ra4 26. Rc1 Rxa2+
27. Kf3 Bf6 28. Rc8+ Kh7 29. Rc7 b6 30. Rd7 Rxh2 31. Bb8 Rb2 32. Rd5 Ra2 33.
Bc7 Ra5 34. Kg4 a6 35. Bxb6 Rxb5 0-1

[Event "SR 2. liga A 2010/2011"]
[Site "?"]
[Date "2010.10.24"]
[Round "12.1"]
[White "Doucha, Ludvik"]
[Black "Certek, Pavel"]
[Result "0-1"]
[WhiteElo "2099"]
[BlackElo "2250"]
[PlyCount "116"]
[EventDate "2010.??.??"]
[WhiteTeam "Slovakia"]
[BlackTeam "II"]
[WhiteTeamCountry "SVK"]
[BlackTeamCountry "SVK"]

1. e4 c5 2. c4 Nc6 3. Ne2 Nf6 4. Nbc3 e6 5. Nf4 Bd6 6. d3 a6 7. g3 Rb8 8. Bg2
b5 9. O-O O-O 10. Nh5 Nxh5 11. Qxh5 Be5 12. f4 Bd4+ 13. Kh1 g6 14. Qe2 f5 15.
Be3 Bxe3 16. Qxe3 Nd4 17. Rf2 b4 18. Na4 d6 19. b3 Bd7 20. Nb2 a5 21. e5 Qc7
22. exd6 Qxd6 23. Re1 Rfc8 24. h4 h5 25. Nd1 a4 26. Rb2 axb3 27. axb3 Ra8 28.
Nf2 Ra3 29. Reb1 Rc7 30. Nh3 Rca7 31. Ng1 Ra1 32. Qc1 Rxb1 33. Qxb1 Ra3 34. Ne2
e5 35. fxe5 Qxe5 36. Nxd4 Qxd4 37. Bd5+ Kg7 38. Qe1 Kf6 39. Qc1 Qe5 40. Kg2 Kg7
41. Kf3 f4 42. gxf4 Qf5 43. Qg1 Qxd3+ 44. Qe3 Qc3 45. Qxc3+ bxc3 46. Rc2 Rxb3
47. Ke3 Bf5 48. Be4 Kf6 49. Kd3 Ra3 50. Ke3 Ra1 51. Bxf5 Kxf5 52. Kd3 Rh1 53.
Rg2 Rxh4 54. Rg5+ Kf6 55. Kxc3 Rxf4 56. Rxc5 h4 57. Rd5 h3 58. Rd2 Rh4 0-1

[Event "SR 2. liga A 2010/2011"]
[Site "?"]
[Date "2010.10.24"]
[Round "12.2"]
[White "Tepper, Frantisek"]
[Black "Arendas, Marek"]
[Result "1/2-1/2"]
[WhiteElo "2162"]
[BlackElo "2089"]
[PlyCount "27"]
[EventDate "2010.??.??"]
[WhiteTeam "Slovakia"]
[BlackTeam "II"]
[WhiteTeamCountry "SVK"]
[BlackTeamCountry "SVK"]

1. e4 c6 2. d3 d5 3. Nd2 e5 4. Ngf3 Bd6 5. Be2 f5 6. exf5 Bxf5 7. Nf1 Nf6 8.
Ng3 Bd7 9. Bg5 O-O 10. c3 Qc7 11. Nh4 c5 12. Nhf5 Nc6 13. O-O Nh5 14. Nxd6
1/2-1/2

[Event "SR 2. liga A 2010/2011"]
[Site "?"]
[Date "2010.10.24"]
[Round "12.3"]
[White "Liptak, Dusan"]
[Black "Fabry, Robert"]
[Result "1-0"]
[WhiteElo "2086"]
[BlackElo "2190"]
[PlyCount "83"]
[EventDate "2010.??.??"]
[WhiteTeam "Slovakia"]
[BlackTeam "II"]
[WhiteTeamCountry "SVK"]
[BlackTeamCountry "SVK"]

1. d4 Nf6 2. c4 e6 3. Nc3 d5 4. cxd5 exd5 5. Bg5 Be7 6. e3 c6 7. Bd3 Ne4 8.
Bxe7 Qxe7 9. Nge2 Nxc3 10. Nxc3 Nd7 11. O-O Nf6 12. Qc2 O-O 13. Rae1 Qd6 14. f3
Bd7 15. Qd2 Rad8 16. Bb1 Bc8 17. Rd1 Rfe8 18. Rfe1 Re7 19. Qd3 g6 20. a3 h5 21.
Qc2 Rde8 22. Qd2 Kg7 (22... b6 23. e4 dxe4 24. fxe4 c5 25. e5 Qxd4+) 23. e4
dxe4 24. fxe4 Ng4 25. e5 Qd8 26. h3 Nh6 27. Ne4 Qb6 28. Nd6 Rd8 29. Qf2 Ng8 30.
Rf1 Be6 31. Kh1 Bb3 32. Rd3 Bd5 33. Rg3 Be6 34. Qc2 Kh8 35. Rf4 Nh6 36. Rg5 Kg7
37. Rxg6+ fxg6 38. Qxg6+ Kh8 39. Qxh6+ Kg8 40. Qg5+ Rg7 41. Qh6 Rxd6 42. Bh7+
1-0

[Event "SR 2. liga A 2010/2011"]
[Site "?"]
[Date "2010.10.24"]
[Round "12.4"]
[White "Mikulas, Dusan"]
[Black "Hertel, Ondrej"]
[Result "1-0"]
[WhiteElo "2122"]
[BlackElo "2072"]
[PlyCount "37"]
[EventDate "2010.??.??"]
[WhiteTeam "Slovakia"]
[BlackTeam "II"]
[WhiteTeamCountry "SVK"]
[BlackTeamCountry "SVK"]

1. e4 c6 2. d4 d5 3. Nc3 dxe4 4. Nxe4 Nd7 5. Nf3 Ngf6 6. Nxf6+ Nxf6 7. Bd3 Bg4
8. c3 e6 9. h3 Bh5 10. Bg5 Qd5 11. g4 Nxg4 12. c4 Nxf2 13. Kxf2 Bxf3 14. cxd5
Bxd1 15. Raxd1 exd5 16. Rhe1+ Kd7 17. Bf4 Bd6 18. Bf5+ Kc7 19. Re7+ 1-0

[Event "SR 2. liga A 2010/2011"]
[Site "?"]
[Date "2010.10.24"]
[Round "12.5"]
[White "Sturdik, Igor"]
[Black "Hecht, Tomas"]
[Result "0-1"]
[WhiteElo "2071"]
[BlackElo "1994"]
[PlyCount "115"]
[EventDate "2010.??.??"]
[WhiteTeam "Slovakia"]
[BlackTeam "II"]
[WhiteTeamCountry "SVK"]
[BlackTeamCountry "SVK"]

1. e4 c5 2. Nf3 Nc6 3. d4 cxd4 4. Nxd4 g6 5. Nc3 Bg7 6. Be3 Nf6 7. Bc4 Ne5 8.
Bb3 Neg4 9. Bg5 Qa5 10. Bxf6 Nxf6 11. O-O O-O 12. e5 Qxe5 13. Re1 Qc5 14. Na4
Qd6 15. Nb5 Qxd1 16. Raxd1 e6 17. Nd6 Rd8 18. Nc5 b6 19. Nxf7 Rf8 20. Nxe6 dxe6
21. Ng5 Re8 22. Rd6 h6 23. Nxe6 Bxe6 24. Rdxe6 Rxe6 25. Rxe6 Kf8 26. Rc6 Rd8
27. Kf1 Ke7 28. Ke2 Kd7 29. Ba4 Ke7 30. Rc7+ Nd7 31. c3 a6 32. Rc6 g5 33. Bc2
Rb8 34. Bf5 Ne5 35. Rc7+ Kf6 36. Bc8 a5 37. h3 Bf8 38. Ba6 Bd6 39. Ra7 b5 40.
b3 Ke6 41. g3 Nd7 42. Rb7 Rxb7 43. Bxb7 b4 44. c4 Ke5 45. Ke3 a4 46. f4+ gxf4+
47. gxf4+ Kf6 48. Kd4 axb3 49. axb3 Nc5 50. Bc8 Nxb3+ 51. Kd5 Bxf4 52. Bg4 Nd2
53. Kd4 Be5+ 54. Kd3 Nb3 55. c5 Nxc5+ 56. Kc4 b3 57. Bd1 b2 58. Bc2 0-1

[Event "SR 2. liga A 2010/2011"]
[Site "?"]
[Date "2010.10.24"]
[Round "12.6"]
[White "Hefka, Vladimir"]
[Black "Puchart, Vladimir"]
[Result "1-0"]
[WhiteElo "1991"]
[BlackElo "2064"]
[PlyCount "44"]
[EventDate "2010.??.??"]
[WhiteTeam "Slovakia"]
[BlackTeam "II"]
[WhiteTeamCountry "SVK"]
[BlackTeamCountry "SVK"]

1. d4 Nf6 2. Nf3 e6 3. g3 b6 4. Bg2 Bb7 5. O-O Be7 6. Bg5 O-O 7. Bxf6 Bxf6 8.
c3 d5 9. Nbd2 Nd7 10. Re1 c5 11. e4 cxd4 12. cxd4 dxe4 13. Nxe4 Bxe4 14. Rxe4
Rc8 15. Bf1 Rc7 16. Rc1 Rxc1 17. Qxc1 Qa8 18. Re3 Rd8 19. Rc3 Qb8 20. Rc7 Nc5
21. Rc6 Ne4 22. Ba6 Nd6 1-0

[Event "SR 2. liga A 2010/2011"]
[Site "?"]
[Date "2010.10.24"]
[Round "12.7"]
[White "Mosny, Jaroslav"]
[Black "Klimes, Milan"]
[Result "0-1"]
[WhiteElo "1982"]
[BlackElo "1893"]
[PlyCount "74"]
[EventDate "2010.??.??"]
[WhiteTeam "Slovakia"]
[BlackTeam "II"]
[WhiteTeamCountry "SVK"]
[BlackTeamCountry "SVK"]

1. d4 Nf6 2. c4 g6 3. Nc3 Bg7 4. e4 d6 5. g3 O-O 6. Bg2 Nc6 7. Nf3 e5 8. O-O
Bg4 9. d5 Nd4 10. Qd3 Bxf3 11. Bxf3 Nxf3+ 12. Qxf3 Qd7 13. Qe2 Rae8 14. f3 a6
15. b4 Qc8 16. Be3 Nd7 17. c5 f5 18. Rac1 dxc5 19. bxc5 Nf6 20. Rfd1 f4 21.
gxf4 exf4 22. Bd4 Nd7 23. Qc4 Bxd4+ 24. Rxd4 Ne5 25. Qe2 Qh3 26. Rf1 Rf7 27.
Qg2 Qh5 28. d6 c6 29. Na4 Nd7 30. Qg4 Qxg4+ 31. fxg4 Re5 32. Rb1 Nf6 33. Rbb4
f3 34. h3 h5 35. gxh5 Rxh5 36. Nb6 Nd7 37. Nxd7 f2+ 0-1